| 000 | 00691nam a2200193 a 4500 | ||
|---|---|---|---|
| 005 | 20240924071419.0 | ||
| 008 | 991125s1980 es 000 0 spa u | ||
| 020 | _a8430774076 | ||
| 035 | _aUPN01000025019 | ||
| 049 | _aCG | ||
| 050 | 4 |
_aLB1775 _bB4.4 |
|
| 100 | 1 |
_aBlat Gimeno, José _931004 |
|
| 245 | 1 | 3 |
_aLa formación del profesorado de educación primaria y secundaria : _bestudio comparativo internacional / _cJosé Blat Gimeno, Ricardo Marín Ibáñez. |
| 260 |
_aBarcelona, Esp. : _bTeide ; _aParís : _bUNESCO, _c1980. |
||
| 300 |
_a321 p. : _bil. |
||
| 440 | 0 |
_aUNESCO. _pProgramas y métodos de enseñanza ; _v8 |
|
| 650 | 4 |
_aMaestros _xFormación profesional _9804 |
|
| 905 | _aLibro | ||
| 999 |
_c25019 _d25019 |
||